Agronomie moderne (Record no. 8792)

000 -LEADER
fixed length control field 00261nam a22001217a 4500
040 ## - CATALOGING SOURCE
Transcribing agency SY
082 ## - DEWEY DECIMAL CLASSIFICATION NUMBER
Classification number 630
100 ## - MAIN ENTRY--AUTHOR NAME
Personal name CHAIRE-MARIE LA SADE
245 ## - TITLE STATEMENT
Title Agronomie moderne
260 ## - PUBLICATION, DISTRIBUTION, ETC. (IMPRINT)
Place of publication FRANCOPHONES
Name of publisher CHAIRE-MARIE LA SADE
Year of publication 1994
300 ## - PHYSICAL DESCRIPTION
Number of Pages 544P.
942 ## - ADDED ENTRY ELEMENTS (KOHA)
Koha item type សៀវភៅភាសាអង់គ្លេស
952 ## - LOCATION AND ITEM INFORMATION (KOHA)
Withdrawn status [LOCAL, KOHA] 0
952 ## - LOCATION AND ITEM INFORMATION (KOHA)
Withdrawn status [LOCAL, KOHA] 0
952 ## - LOCATION AND ITEM INFORMATION (KOHA)
Withdrawn status [LOCAL, KOHA] 0
952 ## - LOCATION AND ITEM INFORMATION (KOHA)
Withdrawn status [LOCAL, KOHA] 0
952 ## - LOCATION AND ITEM INFORMATION (KOHA)
Withdrawn status [LOCAL, KOHA] 0
Holdings
Permanent Location Date acquired Koha item type Lost status Shelving location Barcode Current Location Full call number
Library Block C2016-08-16សៀវភៅភាសាអង់គ្លេស C258RUA062518Library Block C630 CLA 1994 C258
Library Block C2016-08-16សៀវភៅភាសាអង់គ្លេស C258RUA062458Library Block C630 CLA 1994 C258
Library Block C2016-08-16សៀវភៅភាសាអង់គ្លេស C258RUA062398Library Block C630 CLA 1994 C258
Library Block C2016-08-16សៀវភៅភាសាអង់គ្លេស C258RUA062450Library Block C630 CLA 1994 C258
Library Block C2016-08-16សៀវភៅភាសាអង់គ្លេស C258RUA062338Library Block C630 CLA 1994 C258
មជ្ឈមណ្ឌលឯការនៃសាកលវិទ្យាល័យភូមិន្ទកសិកម្មចំការដូង

Powered by Koha